1882 1178 1032 1254 1928 1865 1865 1370 1794 1999 1863 1321 1385 1120 1123 1260 1079 1993 1522 1230 1556 1579 1479 1703 1228 1044 1263 1088 1551 1566 1391 1680 1264 1582 1920 1236 1907 1896 1764 1657 1299 1083 1066 1211 1380 1292 1604 1242 1645 1655 1637 1040 1706 1928 1534 1461 1285 1395 1717 1969 1385 1870 1232 1858 1937 1441 1404 1115 1417 1579 1628 1784 1586 1264 1786 1400 1493 1158 1382 1602 1529 1892 1524 1042 1049 1892 1662 1590 1854 1551 1086 1809 1221 1304 1984 1922 1949 1445 1820 BCNSPRNW ULIB Ver.6.0+V

เปลี่ยนเป็นภาษาไทย

Change to English
 แสดงรายละเอียดบรรณานุกรม
  กลับหน้าหลัก

Brief Record : Get Marc (ISO 2709) : E-mail record : QR code < ปิดหน้าต่าง
LEADER : 00000nam 2200000uu 4500
001    13399122450
003     ULIB
008    130624s2554||||th 000 0 tha d
020    ^a9789746520966
060 04 ^aWS100^bว171ต
245 00 ^aตำรากุมารเวชศาสตร์สำหรับเวชปฏิบัติ /^cบรรณาธิการ, วนิดาเปาอินทร์ ... [และคนอื่นๆ]
250    ^aพิมพ์ครั้งที่ 2
260    ^aกรุงเทพฯ :^bไอกรุ๊ป เพรส,^c2554
300    ^avii, 414 หน้า :^bภาพประกอบ. ;^c26 cm
650  7 ^aกุมารเวชศาสตร์
650  7 ^aเด็ก^xโรค
700 0  ^aวนิดา เปาอินทร์,^eบรรณาธิการ
945    ^p450^l0^i19939
995    ^aทศพร
999    ^aกัณชพร
รายการนี้ยังไม่มีแท็ก
คุณยังไม่ได้ล็อกอิน คุณสามารถมีกิจกรรมร่วมกับเว็บไซต์ได้ แต่ต้องล็อกอินก่อน ::
  ล็อกอิน

รายการสื่อสารสนเทศ

ลำดับที่ ประเภท เลขเรียก/บาร์โค้ด สถานที่ สถานะ
1. วิทยาศาสตร์การแพทย์ และสุขภาพ
วิทยาศาสตร์การแพทย์ และสุขภาพ
สถานะ=หนังสือเก่า
WS100 ว171ต ฉ.1 
  Barcode: 19939
ห้องสมุดวิทยาเขตนครสวรรค์
►ส่วนจัดเก็บหนังสือเก่า นว.
บนชั้น
  ขอยืม

รายการใกล้เคียง
    หัวเรื่อง [กุมารเวชศาสตร์]

BibComment


ยังไม่เคยถูกคอมเมนท์

คอมเมนท์ทรัพยากรรายการนี้
  คอมเมนท์: ตำรากุมารเวชศาสต..


 Copyright 2026. Bcnsprnw @Library